000 00474nam a2200157Ia 4500
999 _c27881
_d27881
003 OSt
005 20250802133104.0
008 250310s9999||||xx |||||||||||||| ||und||
040 _c.
082 _a954.08
_bM712
245 0 _aThe Collected Works of Mahatma Gandhi, Vol-IV /
_cMinistry of information and Broad Casting, India
260 _aDelhi :
_b Ministry of information and Broad Casting India,
_c1960.
300 _a520 p.
650 0 _9338
_aBiography
942 _cBK
_2ddc